000 02577nam0a2200433 4500
001 RU\NLR\bibl\1652095
005 20260409071748.0
021 _aRU
_b2010-39879
_92671
035 _a(nilc)RSL-KNO-004651854
035 _a(NLR Aleph) 001643414
090 _a876282
_c876282
100 _a20100531d2010 |||y0rusy50 ca
101 0 _arus
102 _aRU
105 _aa zzzz|||||
200 1 _aПрименение кибернетических методов в решении проблем общества XXI века
_eVIII Межрегиональная научно-техническая конференция студентов и аспирантов, Обнинск, 30 апреля 2010 года : тезисы докладов
210 _aОбнинск
_cОбнинский ин-т атомной энергетики
_d2010
215 _a76, [4] с.
_cил., табл.
_d21
300 _aВ надзаг. М-во образования и науки Российской Федерации, М-во образования и науки Калужской обл., Нац. исследовательский ядерный ун-т "МИФИ", Обнинский ин-т атомной энергетики
320 _aБиблиогр. в конце докл.
606 1 _aКибернетика
_jТезисы докладов
_91080540
_3RU\NLR\auth\66103427
606 _aИнформационные технологии
_jТезисы докладов
_3RU\NLR\auth\66778624
_91740175
606 1 _aИнженерная психология
_jТезисы докладов
_91031627
_3RU\NLR\auth\6678041
606 1 _aИнформационные технологии
_jТезисы докладов
_xСоциальный аспект
_92472120
_3RU\NLR\auth\661468157
610 0 _aинформационные технологии
686 _aЗ973.233я431(2)
_2rubbk
686 _aЯ431(2Р)3
_2rubbk
686 _aЗ81я431
686 _aЗ973.233я431
686 _aЮ941.2я431
686 _aС550.77я431
711 1 2 _a"Применение кибернетических методов в решении проблем общества XXI века", межрегиональная научно-техническая конференция студентов и аспирантов
_d8
_f2010
_eОбнинск
_3RU\NLR\AUTH\8810157630
_9810655
801 0 _aRU
_bРГБ
_c20100531
_grcr
801 1 _aRU
_bРГБ
_c20100531
801 2 _aRU
_bNLR
_c20100705
_grcr
942 _cBOOK
980 _aNB
980 _aNBR